Statistiche per Città attraversate da grandi fiumi - Europa centrale

Clicka qui per fare il quiz!

Statistiche generali

  • Questo quiz è stato fatto 28 volte
  • Il punteggio medio è 18 su 26

Statistiche sulle risposte

CittàFiume% Corretto
Ratisbona (Germania)Danubio (2858 km)
100%
Bratislava (Slovacchia)Danubio (2858 km)
100%
Budapest (Ungheria)Danubio (2858 km)
100%
Vienna (Austria)Danubio (2858 km)
100%
Basilea (Svizzera)Reno (1326 km)
95%
Colonia (Germania)Reno (1326 km)
95%
Dusseldorf (Germania)Reno (1326 km)
95%
Francoforte (Germania)Meno (524 km)
85%
Breslavia (Polonia)Oder (854 km)
75%
Stettino (Polonia)Oder (854 km)
75%
Cracovia (Polonia)Vistola (1047 km)
75%
Varsavia (Polonia)Vistola (1047 km)
75%
Danzica (Polonia)Vistola (1047 km)
75%
Amburgo (Germania)Elba (1094 km)
65%
Dresda (Germania)Elba (1094 km)
65%
Innsbruck (Austria)Inn (517 km)
65%
Ginevra (Svizzera)Rodano (812 km)
65%
Praga (Cechia)Moldava (440 km)
55%
Saarbrucken (Germania)Saar (240 km)
50%
Monaco di Baviera (Germania)Isar (295 km)
45%
Treviri (Germania)Mosella (561 km)
45%
Coblenza (Germania)Mosella (561 km)
45%
Berlino (Germania)Sprea (403 km)
35%
Seghedino (Ungheria)Tibisco (976 km)
30%
Essen (Germania)Ruhr (217 km)
25%
Brema (Germania)Weser (452 km)
25%

Distribuzione punteggi

Percentile per numero di risposta

Percentuale di utenti per punteggio

I tuoi punteggi nel tempo

Non hai fatto questo quiz